Bierki szachowe na szachownicy - Statystyki

Ogólne statystyki
  • Ten quiz został rozwiązany 81 razy
  • Średni wynik to 25 z 32
Statystyki odpowiedzi
Bierka % Poprawnych
96%
88%
87%
87%
87%
87%
86%
86%
86%
84%
84%
83%
83%
81%
81%
81%
81%
81%
80%
80%
77%
77%
75%
70%
68%
67%
65%
64%
64%
62%
58%
58%
Nie znaleziono quizów pasujących do podanych kryteriów
Rozkład punktacji
Procent ludzi z każdym wynikiem
Percentyl według liczby udzielonych odpowiedzi
Twoja historia wyników
Nie rozwiązałeś tego quizu